000 03061cam a2200433 4500500
005 20260426015839.0
041 _afre
042 _adc
100 1 0 _aFuks, Paul
_eauthor
245 0 0 _aLes rêves de porcelaine de Picassiette
260 _c2002.
500 _a98
520 _aUn homme a l’idée couvrir sa maison de mosaïques faites de bouts d’assiettes brisées et inspirées par ses rêves nocturnes. Il y passe le reste de sa vie. Voici donc une suite de rêves s’étendant sur près de vingt années. Deux discours s’en dégagent : un discours manifeste : expression de l’intention consciente de l’artiste rêveur et, issu d’un travail d’interprétation, un discours latent où peuvent se lire plusieurs niveaux mythologiques. Le plus discret et le plus étonnant peut être appelé le mythe de l’assiette brisée. Il s’y exprime une angoisse universelle : celle du morcellement. De rêve-mosaïque en rêve-mosaïque, nous assistons à une tentative de guérison : celle par laquelle le morcelé cherche à se rassembler, le multiple à se réunifier. Un dénouement tragique sera l’aboutissement de cette aventure. De nombreux échos dans l’histoire des religions, dans l’histoire de l’art, comme en psychiatrie et en psychanalyse viennent souligner, indépendamment de son attrait esthétique, la singularité et l’importance de cette maison onirique.
520 _aThe chinaware dreams of Picassiette A man, inspired by his nocturnal dreams, decides to cover his house with mosaics made out of broken pieces of china. He then spends the rest of his life doing so. Consequently, here we have twenty years of dreams. Two kinds of speeches emerge : one is manifest and expresses the conscious intention of the dreaming artist and, out of interpretation, another is latent and delivers different mythological levels. The most discreet and astonishing one could be called the myth of the broken plate. From mosaic dream to mosaic dream, we witness an attempt to heal in which, what is scattered, tries to regroup and, what is multiple, to unify back. This adventure will lead to a tragic ending. Numbers of echoes in the history of religions, art as well as psychiatry and psychoanalysis, underline the uniqueness and importance of this oneiric house.
690 _aBrisure
690 _aCicatrice
690 _aDivision
690 _aImages
690 _aMorcellement
690 _aMosaïque
690 _aMultiple
690 _aMythe
690 _aRéunification
690 _aRêves nocturnes
690 _aUnité
690 _aBreaking
690 _aImages
690 _aMosaic
690 _aMultiple
690 _aMyth
690 _aNocturnal dreams
690 _aScar
690 _aScattering
690 _aSplit
690 _aUnification
690 _aUnity
786 0 _nImaginaire & Inconscient | 5 | 1 | 2002-03-01 | p. 17-29 | 1628-9676
856 4 1 _uhttps://shs.cairn.info/revue-imaginaire-et-inconscient-2002-1-page-17?lang=fr&redirect-ssocas=7080
999 _c2225240
_d2225240